Chess Pieces in 15 Seconds - Statistics

General Stats
  • This quiz has been taken 73 times
  • The average score is 5 of 6
Answer Stats
Answer % Correct
King
98%
Pawn
98%
Queen
98%
Knight
86%
Bishop
84%
Rook
84%
No matching quizzes found
Score Distribution
Percent of People with Each Score
Percentile by Number Answered
Your Score History
You have not taken this quiz